Miradas constitucionales divergentes : un abordaje sobre temas constitucionales normativos y jurisdiccionales /

Detalles Bibliográficos
Autor principal: Llugdar, Eduardo J. R. (Autor)
Otros Autores: Agurto Gonzáles, Carlos Antonio (Editor), Quequejana Mamani, Sonia Lidia (Editor), Choque Cuenca, Benigno (Editor)
Formato: Electrónico eBook
Lenguaje:español
Publicado: Santiago, Chile : Ediciones Olejnik, [2024]
Colección:Biblioteca de derecho constitucional (Ediciones Olejnik)
Materias:
Acceso en línea:Digitalia Hispánica

MARC

LEADER 00000nam a2200000Ii 4500
001 DIGOLEJNK1557
003 NyNyDIG
006 m o d
007 cr |||||||||||
008 250902s2024 cl ob 000 0 spa d
035 |a (OCoLC)1535343517 
040 |a DGITA  |b eng  |e rda  |e pn  |c DGITA 
020 |z 9789564075082 
050 1 4 |a K3165 ebook 
100 1 |a Llugdar, Eduardo J. R.,  |e author. 
245 1 0 |a Miradas constitucionales divergentes :  |b un abordaje sobre temas constitucionales normativos y jurisdiccionales /  |c Eduardo J.R. Llugdar ; edición al cuidado de Carlos Antonio Agurto Gonzáles, Sonia Lidia Quequejana Mamani, Benigno Choque Cuenca. 
264 1 |a Santiago, Chile :  |b Ediciones Olejnik,  |c [2024] 
300 |a 1 online resource. 
336 |a text  |b txt  |2 rdacontent 
337 |a computer  |b c  |2 rdamedia 
338 |a online resource  |b cr  |2 rdacarrier 
347 |a text file  |2 rdaft 
347 |b PDF 
490 1 |a Biblioteca de derecho constitucional  
504 |a Includes bibliographical references. 
588 0 |a Online resource; title from PDF title page (Digitalia, viewed September 2, 2025) 
650 0 |a Constitutional law. 
610 2 0 |a Inter-American Court of Human Rights. 
700 1 |a Agurto Gonzáles, Carlos Antonio,  |e editor. 
700 1 |a Quequejana Mamani, Sonia Lidia,  |e editor. 
700 1 |a Choque Cuenca, Benigno,  |e editor. 
791 2 |a Digitalia (Firm),  |e distributor. 
793 0 |g Digitalia eBook Collection:  |a Ediciones Olejnik 
776 0 8 |i Print version:  |a Llugdar, Eduardo J. R.  |t Miradas constitucionales divergentes.  |b Primera edición en Ediciones Olejnik.  |d Santiago, Chile : Ediciones Olejnik, 2024  |z 9789564075082 
830 0 |a Biblioteca de derecho constitucional (Ediciones Olejnik)  
856 4 0 |3 Digitalia Hispánica  |u https://www.digitaliapublishing.com/a/157941/ 
910 |a Premium collection: 2025